| 000 | 01883nac a22002891u 4500 | ||
|---|---|---|---|
| 010 | _a 2006005046 | ||
| 020 | _a0521860210 (hardback : alk. paper) | ||
| 020 | _a0521677572 (pbk. : alk. paper) | ||
| 082 | 0 | 0 |
_a340.11 _bT761 |
| 090 |
_c2422 _d2422 |
||
| 100 | _a20080729 | ||
| 245 | 1 | 4 |
_aThe new law and economic development : a critical appraisal _ba critical appraisal / _cDavid M. Trubek, Alvaro Santos. |
| 260 |
_aCambridge ; _aNew York : _bCambridge University Press,2006 _c2006. |
||
| 300 |
_avii, 309 p. ; _c24 cm. |
||
| 504 | _aIncludes index. | ||
| 505 | 0 | _aAn introduction : the third moment in law and development theory and the emergence of a new critical practice / David M. Trubek & Alvaro Santos -- Three globalizations of law and legal thought : 1850-2000 / Duncan Kennedy -- The "rule of law" in development assistance : past, present, and future / David M. Trubek -- The "rule of law," political choices, and development common sense / David Kennedy -- The dialectics of law and development / Scott Newton -- The future of law and development : second-generation reforms and the incorporation of the social / Kerry Rittich -- The World Bank's uses of the "rule of law" promise in economic development / Alvaro Santos. | |
| 650 | 0 | _aLaw and economic development. | |
| 650 | 0 | _aRule of law. | |
| 650 | 0 | _aEconomic assistance. | |
| 650 | 0 | _aInternational economic relations. | |
| 700 | 1 |
_aSantos, Alvaro, _d1975- |
|
| 700 | 1 |
_aTrubek, David M., _d1935- |
|
| 856 | 4 | 1 |
_3Table of contents only _uhttp://www.loc.gov/catdir/toc/ecip068/2006005046.html |
| 856 | 4 | 1 |
_3Publisher description _uhttp://www.loc.gov/catdir/enhancements/fy0642/2006005046-d.html |
| 942 |
_cBB _k340.11T761 |
||
| 999 |
_c2422 _d2422 |
||